1015 1794 1765 1403 1039 1325 1204 1321 1402 1763 1599 1137 1892 1286 1254 1530 1900 1875 1520 1273 1153 1081 1341 1421 1031 1211 1219 1896 1516 1345 1744 1041 1197 1308 1192 1276 1179 1703 1760 1264 1308 1422 1824 1639 1498 1111 1858 1886 1067 1772 1775 1606 1406 1475 1434 1957 1214 1269 1695 1378 1892 1436 1641 1805 1515 1969 1625 1244 1885 1195 1458 1060 1530 1711 1238 1419 1577 1880 1176 1927 1260 1981 1470 1916 1944 1673 1263 1074 1062 1018 1874 1430 1291 1668 1993 1158 1489 1138 1363 BCNSPRNW ULIB Ver.6.0+V

เปลี่ยนเป็นภาษาไทย

Change to English
 แสดงรายละเอียดบรรณานุกรม
  กลับหน้าหลัก

Brief Record : Get Marc (ISO 2709) : E-mail record : QR code < ปิดหน้าต่าง
LEADER : 00000nam 2200000uu 4500
001    13399112370
003     ULIB
008    110627s2551||||th 000 0 tha d
020    9789740693352
090    นว.^bพ681ซ 2551
100 0  พินกี้ พราว
245 00 ซ่อนรักไว้เพื่อ...นายเพื่อนสินท/^cพินกี้ พราว
250    พิมพ์ครั้งที่ 1
260    กรุงเทพฯ :^bพิมพ์ใจ,^c2551
300    300 หน้า
710 1  พิมพ์ใจ
945    ^p196^l0^i023611
995    ทศพร
999 ^a ใช้งานได้ทุกระบบ
รายการนี้ยังไม่มีแท็ก
คุณยังไม่ได้ล็อกอิน คุณสามารถมีกิจกรรมร่วมกับเว็บไซต์ได้ แต่ต้องล็อกอินก่อน ::
  ล็อกอิน

รายการสื่อสารสนเทศ

ลำดับที่ ประเภท เลขเรียก/บาร์โค้ด สถานที่ สถานะ
- ไม่พบข้อมูล -

BibComment


ยังไม่เคยถูกคอมเมนท์

คอมเมนท์ทรัพยากรรายการนี้
  คอมเมนท์: ซ่อนรักไว้เพื่อนา..


 Copyright 2026. Bcnsprnw @Library